| 000 | 01026nam a2200241 i 4500 | ||
|---|---|---|---|
| 001 | 47609 | ||
| 003 | ES-MaACL | ||
| 005 | 20250814235031.0 | ||
| 007 | t| | ||
| 008 | 030507s1980 sp |||| | spa d | ||
| 020 | _a84-85632-08-7 | ||
| 080 | _a3:681.31.07(063) | ||
| 111 | 2 |
_aConferencia Internacional sobre Bases de Datos en Humanidades y Ciencias Sociales _n(2ª. _d1980. _cMadrid) _9165793 |
|
| 245 | 1 | 0 |
_aBases de datos en humanidades y ciencias sociales _b: Segunda conferencia internacional, [Madrid, 16-19 junio de 1980] / _c[Universidad Politécnica de Madrid], Facultad de Informática. |
| 260 |
_aMadrid : _bFacultad de Informática, _c[1980] |
||
| 300 |
_a556 p. ; _c29 cm. |
||
| 546 | _aTextos en español, inglés y francés. | ||
| 650 | 1 | 4 |
_aCiencias sociales- _xBases de datos- _vCongresos y asambleas. _910989 |
| 650 | 4 |
_aHumanidades- _xBases de datos. _9165794 |
|
| 710 | 2 |
_aUniversidad Politécnica de Madrid. _bFacultad de Informática. _97444 |
|
| 852 |
_aES-MaACL _jG-537 |
||
| 999 |
_c47609 _d47609 |
||